The population debate : (Record no. 34000)
[ view plain ]
| 000 -LEADER | |
|---|---|
| fixed length control field | 01235nam a2200313 4500 |
| 001 - CONTROL NUMBER | |
| control field | 34000 |
| 003 - CONTROL NUMBER IDENTIFIER | |
| rucl marc code | BD-RjUL |
| 005 - DATE AND TIME OF LATEST TRANSACTION | |
| control field | 20211209052106.0 |
| 008 - FIXED-LENGTH DATA ELEMENTS--GENERAL INFORMATION | |
| fixed length control field | 140512s1975 us b o100 0 eng d |
| 035 ## - SYSTEM CONTROL NUMBER | |
| System control number | (BD-RjUL)34093 |
| -- | CURL 980076370302(Lc ) from rgc230 |
| 040 ## - CATALOGING SOURCE | |
| Original cataloging agency | DLC |
| Language of cataloging | eng |
| Transcribing agency | LC |
| Modifying agency | BD-RjUL |
| 041 0# - LANGUAGE CODE | |
| Language code of text/sound track or separate title | engfrespa |
| 082 04 - DEWEY DECIMAL CLASSIFICATION NUMBER | |
| Classification number | 301.32 |
| Author mark and year | WAP V-2 1975 |
| 111 2# - MAIN ENTRY--MEETING NAME | |
| Meeting name or jurisdiction name as entry element | World Population Conference |
| Number of part/section/meeting | (3rd : |
| Date of meeting | 1974 : |
| Location of meeting | Bucharest, Romania) |
| 9 (RLIN) | 136435 |
| 245 14 - TITLE STATEMENT | |
| Title | The population debate : |
| Remainder of title | dimensions and perspectives ; papers of the World Population Conference, Bucharest, 1974 / |
| 260 ## - PUBLICATION, DISTRIBUTION, ETC. (IMPRINT) | |
| Place of publication, distribution, etc. | New York : |
| Name of publisher, distributor, etc. | United Nations, |
| Date of publication, distribution, etc. | 1975. |
| 300 ## - PHYSICAL DESCRIPTION | |
| Pagination | V. : |
| Illustrations | ill. ; |
| Size | 29 cm. |
| 490 1# - SERIES STATEMENT | |
| Series statement | Document / United Nations ; |
| Volume/sequential designation | St/ESA/SER.A/57 |
| 500 ## - GENERAL NOTE | |
| General note | "United Nations publication : Sales no. E/F/S.75.XIII.4." |
| General note | English, French, or Spanish |
| 504 ## - BIBLIOGRAPHY, ETC. NOTE | |
| Bibliography, etc | Includes bibliographical references. |
| 505 0# - FORMATTED CONTENTS NOTE | |
| Formatted contents note | Vol 1 -- Vol 2 -- |
| 650 #0 - SUBJECT ADDED ENTRY--TOPICAL TERM | |
| Topical term or geographic name as entry element | Population |
| General subdivision | Congresses |
| 9 (RLIN) | 103314 |
| 710 2# - ADDED ENTRY--CORPORATE NAME | |
| Corporate name or jurisdiction name as entry element | United Nations. |
| Subordinate unit | Department of Economic and Social Affairs. |
| 9 (RLIN) | 103343 |
| 830 #0 - SERIES ADDED ENTRY--UNIFORM TITLE | |
| Uniform title | [Document] (United Nations) ; |
| Uniform title | Population studies (New York, N.Y.) ; |
| 942 ## - ADDED ENTRY ELEMENTS (KOHA) | |
| Source of classification or shelving scheme | Dewey Decimal Classification |
| Koha item type | Books |
| Lost status | Source of classification or shelving scheme | Damaged status | Not for loan | Collection code | Permanent Location | Current Location | Shelving location | Date acquired | Source of acquisition | Cost, normal purchase price | Total Checkouts | Full call number | Date last seen | Copy number | Koha item type |
|---|---|---|---|---|---|---|---|---|---|---|---|---|---|---|---|
| Dewey Decimal Classification | Not For Loan | Non-fiction | Central Library, University of Rajshahi | Central Library, University of Rajshahi | Reading Room | 17/06/1977 | N/A | 30.00 | 301.32 WAP V-2 1975 | 12/05/2014 | C-1 | Books | |||
| Dewey Decimal Classification | Non-fiction | Central Library, University of Rajshahi | Central Library, University of Rajshahi | 17/06/1977 | N/A | 30.00 | 301.32 WAP V-1 1975 | 17/07/2016 | C-2 | Books |